Los orígenes medievales del Archivo Municipal de Murcia (Record no. 12242)

MARC details
000 -LEADER
campo de control de longitud fija 00955nam a2200277 i 4500
001 - NÚMERO DE CONTROL
campo de control 12242
003 - IDENTIFICADOR DE NÚMERO DE CONTROL
campo de control ES-MaACL
005 - FECHA Y HORA DE LA ÚLTIMA TRANSACCIÓN
campo de control 20250818232003.0
007 - CAMPO FIJO DE DESCRIPCIÓN FÍSICA--INFORMACIÓN GENERAL
campo de control de longitud fija t|
008 - DATOS DE LONGITUD FIJA--INFORMACIÓN GENERAL
campo de control de longitud fija 920608s1991 sp |||| | spa j
020 ## - NÚMERO INTERNACIONAL ESTÁNDAR DEL LIBRO
Número Internacional Estándar del Libro 84-87191-73-8
080 ## - NÚMERO DE LA CLASIFICACIÓN DECIMAL UNIVERSAL
Número de la Clasificación Decimal Universal 930.255(460.33 M.)
080 ## - NÚMERO DE LA CLASIFICACIÓN DECIMAL UNIVERSAL
Número de la Clasificación Decimal Universal 016:946.033 M."12/14"
080 ## - NÚMERO DE LA CLASIFICACIÓN DECIMAL UNIVERSAL
Número de la Clasificación Decimal Universal 946.033 M."12/14":016
100 1# - ENTRADA PRINCIPAL--NOMBRE DE PERSONA
Nombre de persona Martínez Carrillo, María de los Llanos.
9 (RLIN) 77933
245 14 - MENCIÓN DEL TÍTULO
Título Los orígenes medievales del Archivo Municipal de Murcia
Resto del título : el índice documental de 1266-1380/1428 /
Mención de responsabilidad, etc. Mª de los Llanos Martínez Carrillo.
250 ## - MENCION DE EDICION
Mención de edición 1ª ed.
260 ## - PUBLICACIÓN, DISTRIBUCIÓN, ETC.
Lugar de publicación, distribución, etc. Madrid :
Nombre del editor, distribuidor, etc. Fundación Ramón Areces,
Fecha de publicación, distribución, etc. 1991.
300 ## - DESCRIPCIÓN FÍSICA
Extensión 201 p ;
Dimensiones 29 cm.
500 ## - NOTA GENERAL
Nota general Índices.
610 27 - PUNTO DE ACCESO ADICIONAL DE MATERIA--NOMBRE DE ENTIDAD CORPORATIVA
Nombre de entidad corporativa o nombre de jurisdicción como elemento de entrada Archivo Municipal de Murcia-
Subdivisión de forma Catálogos.
9 (RLIN) 1462
651 #4 - PUNTO DE ACCESO ADICIONAL DE MATERIA--NOMBRE GEOGRÁFICO
Nombre geográfico Murcia-
Subdivisión general Historia-
Subdivisión cronológica S.V-XV-
Subdivisión de forma Fuentes-
-- Bibliografías.
9 (RLIN) 167885
710 2# - ENTRADA AGREGADA--NOMBRE DE ENTIDAD CORPORATIVA
Nombre de entidad corporativa o nombre de jurisdicción como elemento de entrada Fundación Ramón Areces
9 (RLIN) 4401
852 ## - LOCALIZACIÓN
Ubicación ES-MaACL
Número de control de estantería L-19629
Holdings
Estatus retirado Estado de pérdida Estado de daño No para préstamo Biblioteca de origen Biblioteca actual Ubicación en estantería Fecha de adquisición Fuente de adquisición Total de préstamos Signatura topográfica completa Código de barras Visto por última vez Precio de reemplazo Tipo de ítem Koha
        Biblioteca del Ateneo de Madrid Biblioteca del Ateneo de Madrid Depósito 2 17/01/2008     L-19629 1012474 23/02/2023 23/02/2023 Libro impreso